000 00640nam a2200265Ia 4500
005 20260121171327.0
008 008 260114s9999 xx 000 0 eng d
020 _a9789811382376
037 _aEBOOK
040 _aCRL
040 _beng
040 _cCRL
041 _2eng
041 _aeng
084 _qCRL
100 _aShaojie Liu, Jianmin Wang
_91074861
245 4 _aThe Internet Society in China
260 _bSpringer
260 _bSpringer
260 _c2020
856 _uhttps://link.springer.com/openurl?genre=book&isbn=978-981-13-8237-6
942 _cEBOOK
999 _c1640591
_d1640591